The design of complex information systems : Common sense methods for success

Αποθηκεύτηκε σε:
Λεπτομέρειες βιβλιογραφικής εγγραφής
Κύριος συγγραφέας: Booth, Grayce M. 1931-
Μορφή: Βιβλίο
Γλώσσα:English
Δημοσίευση: New York : McGraw-Hill, 1983
Θέματα:
Ετικέτες: Προσθήκη ετικέτας
Δεν υπάρχουν, Καταχωρήστε ετικέτα πρώτοι!

MARC

LEADER 00000nam a2200000 i 4500
001 1/31041
008 960208s1983 eng d
020 |a 0070065063 
035 |l 10023509 
040 |a GR-MY-UA  |b gre  |e aacr 
041 0 |a eng 
082 0 |a 004.21 
100 1 |a Booth, Grayce M.  |d 1931- 
245 1 4 |a The design of complex information systems : Common sense methods for success 
260 |a New York :   |b McGraw-Hill,   |c 1983 
650 0 0 |a System analysis. 
650 0 0 |a System design. 
852 |a INST  |b CHIOS  |e 19960208  |h 004.21 ΒΟΟ  |p 005200002414  |q 005200002414  |t BK  |y 0 
909 |a Χ  |b 009141